000 00282nam a22001337a 4500
008 170928b xxu||||| |||| 00| 0 eng d
020 _a0881336386
041 _aeng
080 _a37
100 _a47
101 _aEDU
245 _aTEACHER'S MANUAL
_cBOHANNAN,P
942 _2udc
_cBK
999 _c30549
_d30549